[Event "leisure kings gambit training (for 10 players)"]
[Site "SchemingMind.com"]
[Date "2018.06.07"]
[Round "-"]
[White "anne"]
[Black "jolasebabes"]
[Result "1/2-1/2"]
[WhiteCountry "GER"]
[BlackCountry "POR"]
[WhiteElo "2229"]
[WhiteRD "85"]
[BlackElo "2101"]
[BlackRD "78"]
[GameID "429045"]

1. e4 e5 2. f4 Bc5 3. Nf3 d6 4. c3 Bb6 5. a4 a6 6. d4 exd4 7. cxd4 Bg4 8. Be2 Nf6 9. a5 Ba7 10. h3 Bxf3
11. Bxf3 Nc6 12. Ra4 d5 13. e5 Ne4 14. O-O Ng3 15. Re1 O-O 16. Be3 Nf5 17. g4 Nxe3 18. Rxe3 Ne7 19. Kg2 Ng6 20. f5 Nh4+
21. Kh1 c5 22. dxc5= Bxc5 23. Rd3=
1/2-1/2

[Event "leisure kings gambit training (for 10 players)"]
[Site "SchemingMind.com"]
[Date "2018.06.08"]
[Round "-"]
[White "jolasebabes"]
[Black "anne"]
[Result "1/2-1/2"]
[WhiteCountry "POR"]
[BlackCountry "GER"]
[WhiteElo "2101"]
[WhiteRD "78"]
[BlackElo "2229"]
[BlackRD "85"]
[GameID "429046"]

1. e4 e5 2. f4 exf4 3. Nf3 g5 4. Bc4 g4 5. Ne5 Qh4+ 6. Kf1 Nh6 7. d4 f3 8. Nc3 c6 9. Qe1 Qxe1+ 10. Kxe1 d6
11. Nd3 a5 12. a4 fxg2 13. Rg1 f5 14. d5 cxd5 15. Bxd5 fxe4 16. Bxe4 Nc6 17. Nd5 Rb8 18. Rxg2 Bg7 19. Nc7+ Kd7=
1/2-1/2

[Event "leisure kings gambit training (for 10 players)"]
[Site "SchemingMind.com"]
[Date "2018.06.15"]
[Round "-"]
[White "anne"]
[Black "flyinduck"]
[Result "0-1"]
[WhiteCountry "GER"]
[BlackCountry "CAN"]
[WhiteElo "2212"]
[WhiteRD "87"]
[BlackElo "2108"]
[BlackRD "61"]
[GameID "429311"]

1. e4 e5 2. f4 exf4 3. d3 g5 4. g4 d5 5. exd5 Qxd5 6. Qf3 Nf6 7. Qxd5 Nxd5 8. Nf3 f6 9. c4 Bxg4 10. Be2 Nb4
11. Nd4 Bxe2 12. Kxe2 N8c6 13. Nxc6 bxc6 14. a3 Nc2 15. Ra2 O-O-O
0-1

[Event "leisure kings gambit training (for 10 players)"]
[Site "SchemingMind.com"]
[Date "2018.06.15"]
[Round "-"]
[White "flyinduck"]
[Black "anne"]
[Result "1-0"]
[WhiteCountry "CAN"]
[BlackCountry "GER"]
[WhiteElo "2108"]
[WhiteRD "61"]
[BlackElo "2212"]
[BlackRD "87"]
[GameID "429312"]

1. e4 e5 2. f4 exf4 3. Nf3 d6 4. d4 Bg4 5. Bxf4 Bxf3 6. Qxf3 g5 7. Be3 Qf6 8. Qxf6 Nxf6 9. Nc3 a6 10. Bxg5 Nbd7
11. Bc4 O-O-O 12. O-O Be7 13. Bxf7 h6 14. Bh4 Kb8 15. Rf3
1-0

[Event "leisure kings gambit training (for 10 players)"]
[Site "SchemingMind.com"]
[Date "2018.06.15"]
[Round "-"]
[White "flyinduck"]
[Black "jolasebabes"]
[Result "0-1"]
[WhiteCountry "CAN"]
[BlackCountry "POR"]
[WhiteElo "2023"]
[WhiteRD "52"]
[BlackElo "2146"]
[BlackRD "70"]
[GameID "429315"]

1. e4 e5 2. f4 Bc5 3. Nf3 d6 4. Nc3 Nf6 5. Bc4 Nc6 6. d3 Bg4 7. Na4 O-O 8. Nxc5 dxc5 9. O-O Qd6 10. Qd2 Bxf3
11. gxf3 exf4 12. Qxf4 Ne5 13. Bb3 b5 14. Be3 Qe7 15. Rad1 c4 16. dxc4 bxc4 17. Ba4 Nh5 18. Qg5 Qxg5+ 19. Bxg5 f6 20. Be3 g5
21. Rd5 Rfd8 22. Kf2 Rxd5 23. exd5 Rd8 24. Bc6 Nxc6 25. dxc6 a6 26. Ke2 Kf7 27. f4 g4 28. f5 Ng7 29. Rf4 h5 30. Rxc4 Nxf5
31. Bf4 Nd4+ 32. Ke3 Ne6 33. Ra4 h4 34. Rxa6 Nxf4 35. Kxf4 g3 36. hxg3 h3 37. Ra7 h2 38. Rxc7+ Kg6 39. Rd7 h1=Q 40. Rxd8 Qxc6
41. Rd2 Qc7+ 42. Kf3 Qb7+ 43. Ke3 Qxb2 44. a4 Qa3+ 45. Rd3 Qxa4 46. Kd2 Qb4+ 47. Kc1 Qe1+ 48. Kb2 Qe5+ 49. Kb1 Kf5 50. Rb3 Kg4
51. Ka2 f5 52. Rd3 Qb5 53. Rb3 Qa4+ 54. Kb2 Kh3 55. Rd3 Kg2 56. Rb3 Kf2 57. Rd3 Ke2 58. Rb3 Qd4+ 59. Kb1 Kd2
0-1

[Event "leisure kings gambit training (for 10 players)"]
[Site "SchemingMind.com"]
[Date "2018.06.15"]
[Round "-"]
[White "jolasebabes"]
[Black "flyinduck"]
[Result "1-0"]
[WhiteCountry "POR"]
[BlackCountry "CAN"]
[WhiteElo "2150"]
[WhiteRD "72"]
[BlackElo "2024"]
[BlackRD "53"]
[GameID "429316"]

1. e4 e5 2. f4 exf4 3. Nf3 d6 4. d4 g5 5. g3 g4 6. Nh4 f3 7. Be3 Be7 8. Qd2 Nf6 9. Nc3 c5 10. O-O-O cxd4
11. Bxd4 Nc6 12. Bb5 a6 13. Bxc6+ bxc6 14. Rhe1 Rg8 15. e5 dxe5 16. Rxe5 Be6 17. Qe3 Qc8 18. Nf5 Rg6 19. Nxe7 Kxe7 20. Bc5+ Ke8
21. Ba3 Rb8 22. Qc5
1-0

[Event "leisure kings gambit training (for 10 players)"]
[Site "SchemingMind.com"]
[Date "2018.10.06"]
[Round "-"]
[White "anne"]
[Black "willyboy"]
[Result "0-1"]
[WhiteCountry "GER"]
[BlackCountry "AUT"]
[WhiteElo "1997"]
[WhiteRD "85"]
[BlackElo "2179"]
[BlackRD "64"]
[GameID "433131"]

1. e4 e5 2. f4 exf4 3. Qg4 d5 4. Qxf4 dxe4 5. Qxe4+ Be7 6. Bb5+ c6 7. Ba4 Nf6 8. Qf4 O-O 9. Bb3 Re8 10. Ne2 Bd6
11. Qf2 Bg4 12. Nc3 Ne4 13. Qxf7+ Kh8 14. O-O Rf8 15. Nxe4 Rxf7 16. Rxf7 Bxe2 17. d3 Na6 18. Kh1 Qh4 19. g3 Qd8 20. Bg5 Qb8
21. Kg2 Nc5 22. Nxc5 Bxc5 23. Re1 Bh5 24. Rf5= Bd6
0-1

[Event "leisure kings gambit training (for 10 players)"]
[Site "SchemingMind.com"]
[Date "2018.10.06"]
[Round "-"]
[White "willyboy"]
[Black "anne"]
[Result "1-0"]
[WhiteCountry "AUT"]
[BlackCountry "GER"]
[WhiteElo "2179"]
[WhiteRD "64"]
[BlackElo "1997"]
[BlackRD "85"]
[GameID "433132"]

1. e4 e5 2. f4 exf4 3. Nf3 h6 4. d4 Bb4+ 5. c3 Ba5 6. Bxf4 g5 7. Be5 f6 8. Bg3 Qe7 9. Nbd2 Bb6 10. a4 Nc6
11. Bd3 h5 12. O-O h4 13. Bf2 h3 14. g3 a5 15. Nc4 d6 16. e5 dxe5 17. Nxb6 cxb6 18. dxe5 f5 19. Bxb6 Nh6 20. Bc4 g4
21. Nh4 Ra6= 22. Bxa6 bxa6 23. Ng6
1-0

[Event "leisure kings gambit training (for 10 players)"]
[Site "SchemingMind.com"]
[Date "2018.10.02"]
[Round "-"]
[White "flyinduck"]
[Black "willyboy"]
[Result "0-1"]
[WhiteCountry "CAN"]
[BlackCountry "AUT"]
[WhiteElo "1993"]
[WhiteRD "51"]
[BlackElo "2129"]
[BlackRD "62"]
[GameID "433133"]

1. e4 e5 2. f4 exf4 3. Nf3 g5 4. Nc3 d6 5. d4 g4 6. Bc4 gxf3 7. Qxf3 Qh4+ 8. g3 Qg4 9. Qf2 Be6 10. d5 fxg3
11. hxg3 Bc8 12. O-O Nf6 13. Bf4 Qh3 14. Bg5 Rg8 15. Qxf6 Qxg3+ 16. Kh1 Qxg5 17. Qxf7+ Kd8 18. Rf2 Qh4+ 19. Rh2 Qg5 20. Ne2 Nd7
21. Rg1 Rg7 22. Qf2 Qe5 23. Rxg7 Bxg7 24. Qf7 Qxe4+ 25. Rg2 Qh4+ 26. Kg1 Qe1+ 27. Kh2 Be5+ 28. Ng3 c6 29. Qxh7 Nf6
0-1

[Event "leisure kings gambit training (for 10 players)"]
[Site "SchemingMind.com"]
[Date "2018.10.03"]
[Round "-"]
[White "willyboy"]
[Black "flyinduck"]
[Result "1-0"]
[WhiteCountry "AUT"]
[BlackCountry "CAN"]
[WhiteElo "2129"]
[WhiteRD "62"]
[BlackElo "1993"]
[BlackRD "51"]
[GameID "433134"]

1. e4 e5 2. f4 d5 3. exd5 e4 4. d3 Nf6 5. dxe4 Nxe4 6. Nf3 Be7 7. Bd3 Qxd5 8. Qe2 Nc5 9. Bc4 Qe4 10. Be3 Be6
11. Bxe6 Nxe6 12. Nc3 Bb4 13. O-O Bxc3 14. bxc3 O-O 15. Rae1 Nc6 16. Nd2 Qf5 17. g4 Qd5 18. f5 Nc5 19. c4 Qd6 20. Qf2 Rfd8
21. Bxc5
1-0

[Event "leisure kings gambit training (for 10 players)"]
[Site "SchemingMind.com"]
[Date "2018.10.01"]
[Round "-"]
[White "jolasebabes"]
[Black "willyboy"]
[Result "1-0"]
[WhiteCountry "POR"]
[BlackCountry "AUT"]
[WhiteElo "2146"]
[WhiteRD "70"]
[BlackElo "2012"]
[BlackRD "80"]
[GameID "433137"]

1. e4 e5 2. f4 exf4 3. Nf3 g5 4. h4 g4 5. Ne5 Nf6 6. Bc4 d5 7. exd5 Bd6 8. d4 Nh5 9. Nc3 Qe7 10. O-O Bxe5
11. Nb5 O-O 12. dxe5 a6 13. Nd4 Qxe5 14. b4 b5 15. Bb3 f3 16. Qd2 Ng3 17. Re1 Ne4 18. Rxe4 Qxe4 19. Bb2 Re8 20. Ne6 fxe6
21. Re1 Qg6 22. h5 f2+ 23. Qxf2
1-0

[Event "leisure kings gambit training (for 10 players)"]
[Site "SchemingMind.com"]
[Date "2018.10.01"]
[Round "-"]
[White "willyboy"]
[Black "jolasebabes"]
[Result "1/2-1/2"]
[WhiteCountry "AUT"]
[BlackCountry "POR"]
[WhiteElo "2012"]
[WhiteRD "80"]
[BlackElo "2146"]
[BlackRD "70"]
[GameID "433138"]

1. e4 e5 2. f4 Bc5 3. Nf3 d6 4. c3 Bb6 5. a4 a6 6. fxe5 dxe5 7. Na3 Nc6 8. Nc4 Ba7 9. Qc2 Qe7 10. b4 f5
11. Ba3 fxe4 12. Qxe4 Nf6 13. Qh4 e4 14. b5 Bc5 15. Bxc5 Qxc5 16. bxc6 exf3 17. gxf3 O-O 18. Ne3 Qxc6 19. Qc4+ Qxc4 20. Bxc4+ Kh8
21. O-O=
1/2-1/2

[Event "leisure kings gambit training (for 10 players)"]
[Site "SchemingMind.com"]
[Date "2018.10.16"]
[Round "-"]
[White "anne"]
[Black "krzysztof"]
[Result "0-1"]
[WhiteCountry "GER"]
[BlackCountry "POL"]
[WhiteElo "1997"]
[WhiteRD "85"]
[BlackElo "1529"]
[BlackRD "72"]
[GameID "433561"]

1. e4 e5 2. f4 Nh6 3. h3 f5 4. fxe5 Qh4+ 5. g3 Qxg3+ 6. Ke2 d6 7. Qe1 Qxe5 8. Kd1 fxe4 9. Nc3 Bf5 10. Bg2 Nc6
11. Bxe4 O-O-O 12. Nf3 Qa5 13. d3 d5 14. Bxf5+ Kb8 15. Bg4 Bd6 16. Bxh6 gxh6 17. a3 d4 18. Ne4 Qb6
0-1

[Event "leisure kings gambit training (for 10 players)"]
[Site "SchemingMind.com"]
[Date "2018.10.16"]
[Round "-"]
[White "krzysztof"]
[Black "anne"]
[Result "1-0"]
[WhiteCountry "POL"]
[BlackCountry "GER"]
[WhiteElo "1529"]
[WhiteRD "72"]
[BlackElo "1997"]
[BlackRD "85"]
[GameID "433562"]

1. e4 e5 2. f4 exf4 3. Nf3 Nf6 4. Bc4 Nxe4 5. d3 Nf6 6. h3 Qe7+ 7. Qe2 Qxe2+ 8. Kxe2 d5 9. Bb5+ c6 10. Ba4 Bd6
11. Nc3 O-O 12. Kf2 Nbd7 13. Bd2 b5 14. Bb3 Bc5+ 15. d4 Bd6 16. h4 Ne4+ 17. Nxe4 dxe4 18. Bxf4 Bxf4 19. Ne1 Nf6 20. g3 Bc7
21. c3
1-0

[Event "leisure kings gambit training (for 10 players)"]
[Site "SchemingMind.com"]
[Date "2018.10.13"]
[Round "-"]
[White "krzysztof"]
[Black "flyinduck"]
[Result "0-1"]
[WhiteCountry "POL"]
[BlackCountry "CAN"]
[WhiteElo "1521"]
[WhiteRD "67"]
[BlackElo "1997"]
[BlackRD "58"]
[GameID "433563"]

1. e4 e5 2. f4 exf4 3. Nf3 g5 4. h3 h6 5. d4 Nf6 6. e5 Nh5 7. Bc4 Ng3 8. Rg1 d5 9. Bb5+ c6 10. Ba4 Be6
11. Bd2 Nd7 12. Qc1 Qb6 13. c3 c5 14. b4 cxb4 15. cxb4 Bxb4 16. Bxd7+ Kxd7 17. Nc3 Rac8 18. Rb1 Qa5 19. a4 Bxc3 20. Bxc3 Rxc3
21. Rxb7+ Rc7+ 22. Qd2 Qxd2+ 23. Kxd2 Rxb7 24. Kc3 Ne2+ 25. Kd2 Nxg1 26. Nxg1 Rb2+ 27. Kc3 Rhb8 28. Nf3 R8b3#
0-1

[Event "leisure kings gambit training (for 10 players)"]
[Site "SchemingMind.com"]
[Date "2018.10.12"]
[Round "-"]
[White "flyinduck"]
[Black "krzysztof"]
[Result "1-0"]
[WhiteCountry "CAN"]
[BlackCountry "POL"]
[WhiteElo "2000"]
[WhiteRD "65"]
[BlackElo "1574"]
[BlackRD "62"]
[GameID "433564"]

1. e4 e5 2. f4 d6 3. Nf3 exf4 4. Nc3 Bg4 5. d4 g5 6. Bc4 Nc6 7. O-O Bh6 8. g3 Qd7 9. Bb5 a6 10. Be2 Nf6
11. d5 Bxf3 12. dxc6 Qxc6 13. Bxf3 Qc4 14. gxf4 gxf4 15. Kh1 Kd7 16. Qd3 Qxd3 17. cxd3 c6 18. d4 Rae8 19. Bd2 Kc7 20. Bg2 Nd7
21. Bxf4 Bxf4 22. Rxf4 f6 23. Bh3 Rhf8 24. Raf1 f5 25. Rxf5 Rxf5 26. Rxf5 Kb6 27. a4 a5 28. Rf7 Nf8 29. Bf5 c5 30. d5 Ng6
31. Rxh7 Ne5 32. Kg2 Nd3 33. h4 Nxb2 34. h5 c4 35. h6 Nd3 36. Rg7 Rh8 37. h7 Rxh7 38. Rxh7
1-0

[Event "leisure kings gambit training (for 10 players)"]
[Site "SchemingMind.com"]
[Date "2018.10.13"]
[Round "-"]
[White "krzysztof"]
[Black "jolasebabes"]
[Result "0-1"]
[WhiteCountry "POL"]
[BlackCountry "POR"]
[WhiteElo "1529"]
[WhiteRD "72"]
[BlackElo "2141"]
[BlackRD "70"]
[GameID "433567"]

1. e4 e5 2. f4 Bc5 3. Nf3 d6 4. h3 Nf6 5. d3 Nc6 6. f5 d5 7. Bg5 dxe4 8. dxe4 Qxd1+ 9. Kxd1 Nxe4 10. Nbd2 Nf2+
11. Ke1 Nxh1 12. c3 Ng3 13. Bc4 Bxf5 14. b4 Bd6 15. Kf2 Ne4+ 16. Nxe4 Bxe4 17. a4 O-O 18. Re1 Bxf3 19. gxf3 Rae8 20. Re4 a5
21. b5 Nb8 22. Bd5 c6 23. bxc6 bxc6 24. Bc4 Nd7 25. h4 h6 26. Be3 Nf6 27. Bxf7+ Rxf7 28. Rc4 c5 29. Bxc5 Bxc5+ 30. Rxc5 Ne4+
31. Ke3 Nxc5 32. Kd2 Rxf3 33. Kc2 Nxa4 34. Kb3 Rxc3+ 35. Kxa4 Rb8 36. Kxa5 Ra3#
0-1

[Event "leisure kings gambit training (for 10 players)"]
[Site "SchemingMind.com"]
[Date "2018.10.13"]
[Round "-"]
[White "jolasebabes"]
[Black "krzysztof"]
[Result "1-0"]
[WhiteCountry "POR"]
[BlackCountry "POL"]
[WhiteElo "2185"]
[WhiteRD "69"]
[BlackElo "1463"]
[BlackRD "80"]
[GameID "433568"]

1. e4 e5 2. f4 d6 3. Nf3 Bg4 4. Nc3 exf4 5. d4 g5 6. h3 Bh5 7. Qd3 Bg6 8. Qb5+ Nc6 9. Qxb7 Nge7 10. Bb5 Bg7
11. Bxc6+ Nxc6 12. Qxc6+ Kf8 13. Nxg5 Bxd4 14. Bxf4 Rb8 15. O-O-O Bc5 16. e5 h6 17. Nge4 Rb6 18. Qxc5 Qb8 19. exd6 Rxd6 20. Nxd6 Kg8
21. Nde4 f5 22. Nf6+ Kg7 23. Qe7+ Bf7 24. Nh5+ Kg8 25. Rd8+ Qxd8 26. Qxd8+ Kh7 27. Qe7 Rf8 28. Qf6 Bxh5 29. Qxh6+ Kg8 30. Be5 Rf7
31. Qh8#
1-0

[Event "leisure kings gambit training (for 10 players)"]
[Site "SchemingMind.com"]
[Date "2018.10.13"]
[Round "-"]
[White "krzysztof"]
[Black "willyboy"]
[Result "0-1"]
[WhiteCountry "POL"]
[BlackCountry "AUT"]
[WhiteElo "1491"]
[WhiteRD "92"]
[BlackElo "2012"]
[BlackRD "80"]
[GameID "433569"]

1. e4 e5 2. f4 exf4 3. d3 Qh4+ 4. Kd2 Bc5 5. Nh3 Be3+ 6. Ke2 d5 7. Bxe3 Bg4+ 8. Kd2 fxe3+ 9. Kc1 Bxd1 10. Kxd1 Qg4+
11. Ke1 e2 12. Bxe2 Qxg2 13. Nf2 Nc6 14. c3 dxe4 15. d4 e3 16. Rf1 exf2+ 17. Rxf2 Qg1+ 18. Bf1 Kf8 19. Nd2 Re8+ 20. Re2 Nf6
21. Kd1 Rxe2 22. Kc2 Qg6+ 23. Kb3 Rxd2 24. Bc4 Qc2+ 25. Ka3 Qxb2+ 26. Ka4 Qxc3
0-1

[Event "leisure kings gambit training (for 10 players)"]
[Site "SchemingMind.com"]
[Date "2018.10.13"]
[Round "-"]
[White "willyboy"]
[Black "krzysztof"]
[Result "1-0"]
[WhiteCountry "AUT"]
[BlackCountry "POL"]
[WhiteElo "2012"]
[WhiteRD "80"]
[BlackElo "1491"]
[BlackRD "92"]
[GameID "433570"]

1. e4 e5 2. f4 b6 3. Nf3 exf4 4. d4 Bb7 5. Bd3 Bb4+ 6. c3 Be7 7. Bxf4 Nh6 8. Bxh6 gxh6 9. O-O f6 10. Ne5 Rg8
11. Qh5+ Rg6 12. Nxg6 d6 13. Ne5+ Kf8 14. Qf7#
1-0

[Event "leisure kings gambit training (for 10 players)"]
[Site "SchemingMind.com"]
[Date "2018.12.10"]
[Round "-"]
[White "Transcendent"]
[Black "anne"]
[Result "0-1"]
[WhiteCountry "ENG"]
[BlackCountry "GER"]
[WhiteElo "1257"]
[WhiteRD "64"]
[BlackElo "2021"]
[BlackRD "87"]
[GameID "435583"]

1. e4 e5 2. f4 exf4 3. Nf3 d5 4. exd5 Bg4 5. Nc3 Bxf3 6. Qxf3 Qe7+ 7. Be2 Nf6 8. O-O g5 9. d4 Kd8 10. Bc4 Nbd7
0-1

[Event "leisure kings gambit training (for 10 players)"]
[Site "SchemingMind.com"]
[Date "2018.12.06"]
[Round "-"]
[White "Transcendent"]
[Black "krzysztof"]
[Result "0-1"]
[WhiteCountry "ENG"]
[BlackCountry "POL"]
[WhiteElo "1257"]
[WhiteRD "64"]
[BlackElo "1521"]
[BlackRD "67"]
[GameID "435584"]

1. e4 e5 2. f4 exf4 3. Nf3 Nc6 4. d4 Bd6 5. e5 Bb4+ 6. c3 Ba5 7. Bxf4 d6 8. exd6 cxd6 9. Bb5 Ne7 10. d5 a6
11. dxc6 bxc6 12. Ba4 O-O 13. Qxd6 Qxd6 14. Bxd6 Re8
0-1

[Event "leisure kings gambit training (for 10 players)"]
[Site "SchemingMind.com"]
[Date "2018.12.06"]
[Round "-"]
[White "krzysztof"]
[Black "Transcendent"]
[Result "1-0"]
[WhiteCountry "POL"]
[BlackCountry "ENG"]
[WhiteElo "1521"]
[WhiteRD "67"]
[BlackElo "1257"]
[BlackRD "64"]
[GameID "435585"]

1. e4 e5 2. f4 exf4 3. Qg4 d5 4. Qe2 Be6 5. e5 Qh4+ 6. Qf2 Qxf2+ 7. Kxf2 Nc6 8. Nf3 Bc5+ 9. Ke1 Nge7 10. c3 d4
11. d3 O-O-O 12. Bxf4 Ng6 13. g3 Bd5 14. cxd4
1-0

[Event "leisure kings gambit training (for 10 players)"]
[Site "SchemingMind.com"]
[Date "2019.01.17"]
[Round "-"]
[White "anne"]
[Black "Phillip Beckett"]
[Result "1-0"]
[WhiteCountry "GER"]
[BlackCountry "ENG"]
[WhiteElo "2021"]
[WhiteRD "87"]
[BlackElo "1537"]
[BlackRD "52"]
[GameID "437178"]

1. e4 e5 2. f4 Qh4+ 3. g3 Qe7 4. Nc3 exf4 5. Bg2 c6 6. d4 d5 7. Nge2 dxe4 8. Nxf4 e3 9. O-O Be6 10. Bxe3 Nf6
11. d5 Nxd5 12. Bxd5 Bxd5 13. Nfxd5 cxd5 14. Nxd5 Qd6 15. Bf4 Qc5+ 16. Rf2 Na6 17. b4 Nxb4 18. Nc7+ Ke7 19. Qe2+ Kf6 20. Nd5+ Nxd5
21. Qe5+ Kg6 22. Qg5#
1-0

[Event "leisure kings gambit training (for 10 players)"]
[Site "SchemingMind.com"]
[Date "2019.01.17"]
[Round "-"]
[White "Phillip Beckett"]
[Black "anne"]
[Result "0-1"]
[WhiteCountry "ENG"]
[BlackCountry "GER"]
[WhiteElo "1537"]
[WhiteRD "52"]
[BlackElo "2021"]
[BlackRD "87"]
[GameID "437179"]

1. e4 e5 2. f4 exf4 3. Nf3 g5 4. Bc4 Bg7 5. d4 d6 6. O-O h6 7. c3 Ne7 8. e5 dxe5 9. dxe5 Qxd1 10. Rxd1 Nbc6
11. e6 Bxe6 12. Bxe6 fxe6 13. b3 Nd5 14. Bb2 O-O-O 15. Na3 Nxc3 16. Bxc3 Bxc3 17. Rab1 g4 18. Ne1 e5 19. Nd3 Rhf8 20. Rbc1 Bd4+
21. Kf1 g3 22. h3 e4 23. Ne1 f3 24. gxf3 exf3
0-1

[Event "leisure kings gambit training (for 10 players)"]
[Site "SchemingMind.com"]
[Date "2019.01.16"]
[Round "-"]
[White "Phillip Beckett"]
[Black "krzysztof"]
[Result "1-0"]
[WhiteCountry "ENG"]
[BlackCountry "POL"]
[WhiteElo "1537"]
[WhiteRD "52"]
[BlackElo "1521"]
[BlackRD "67"]
[GameID "437182"]

1. e4 e5 2. f4 exf4 3. Nf3 Bc5 4. d4 Bb6 5. Bxf4 d6 6. Bc4 Ba5+ 7. c3 Bg4 8. O-O f6 9. h3 Bh5 10. Be2 g5
11. Be3 h6 12. Qa4+ c6 13. d5 b5 14. Qc2 Ne7 15. b4 Bb6 16. Nd4 Bxd4 17. Bxd4 O-O 18. Bxh5 Nd7 19. Nd2 cxd5 20. exd5 f5
21. a4 bxa4 22. g4 fxg4 23. Rxf8+ Nxf8 24. Bxg4 Nfg6 25. Be6+ Kh7 26. Ne4 Nf4 27. Nf6+ Kg7 28. Nd7#
1-0

[Event "leisure kings gambit training (for 10 players)"]
[Site "SchemingMind.com"]
[Date "2019.01.16"]
[Round "-"]
[White "krzysztof"]
[Black "Phillip Beckett"]
[Result "0-1"]
[WhiteCountry "POL"]
[BlackCountry "ENG"]
[WhiteElo "1574"]
[WhiteRD "62"]
[BlackElo "1526"]
[BlackRD "52"]
[GameID "437183"]

1. e4 e5 2. f4 Qh4+ 3. g3 Qe7 4. Bh3 exf4 5. Qf3 fxg3 6. hxg3 Nc6 7. c3 d6 8. Bxc8 Rxc8 9. d4 Nf6 10. Bg5 Qxe4+
11. Qxe4+ Nxe4 12. Bd2 Nxd2 13. Kxd2 Be7 14. Nf3 O-O 15. Na3 Bf6 16. Rag1 Rfe8 17. Nc4 g6 18. g4 Bg7 19. Ng5 h6 20. Nf3 Ne7
21. g5 h5 22. Ne3 Nc6 23. Rh4 Na5 24. b3 c5 25. d5 c4 26. Nxc4 Nxc4+ 27. bxc4 b5 28. cxb5 Rc5 29. c4 Rec8 30. Kd3 R5c7
31. Nd2 Re7 32. Re4 Rce8 33. Rxe7 Rxe7 34. Rg3 Re5 35. Ne4 Rf5 36. a4 Be5 37. Rg2 Rf3+ 38. Ke2 Rf4 39. Ke3 Rh4 40. c5 dxc5
41. Nxc5 Rh3+ 42. Kf2 Bd4+ 43. Ke2 Bxc5 44. Kd2 Ra3 45. Re2 Ra2+ 46. Kd3 Rxe2 47. Kxe2 Kf8 48. Kd3 Ke7 49. Ke4 Kd6 50. a5 Bb4
51. b6 axb6 52. axb6 Bc5 53. b7 Ba7 54. b8=Q+ Bxb8 55. Kd4 Ba7+ 56. Ke4 Bc5 57. Kf4 Kxd5 58. Kg3 Ke5 59. Kf3 Kf5 60. Kg3 Kxg5
61. Kh3 Kf4 62. Kg2 g5 63. Kh3 Kf3 64. Kh2 g4 65. Kh1 h4 66. Kh2 g3+ 67. Kh1 g2+ 68. Kh2 g1=Q+ 69. Kh3 Qg3#
0-1

[Event "leisure kings gambit training (for 10 players)"]
[Site "SchemingMind.com"]
[Date "2019.01.21"]
[Round "-"]
[White "Phillip Beckett"]
[Black "flyinduck"]
[Result "0-1"]
[WhiteCountry "ENG"]
[BlackCountry "CAN"]
[WhiteElo "1537"]
[WhiteRD "52"]
[BlackElo "1997"]
[BlackRD "58"]
[GameID "437184"]

1. e4 e5 2. f4 exf4 3. Nf3 g5 4. Bc4 d5 5. exd5 Bd6 6. O-O h6 7. c3 Ne7 8. d4 Bg4 9. h3 Bh5 10. Nbd2 O-O
11. Ne4 Nf5 12. Nxd6 cxd6 13. Bd3 Bg6 14. Qc2 Qf6 15. Bd2 Nd7 16. Rae1 Rfe8 17. Rxe8+ Rxe8 18. Re1 Rxe1+ 19. Bxe1 Nb6 20. Bf2 Nxd5
21. Nh2 Nfe3 22. Bxe3 Nxe3 23. Qe2 Bxd3 24. Qxd3 Qe6 25. Nf1 f5 26. Nxe3 Qxe3+ 27. Qxe3 fxe3 28. Kf1 f4 29. Ke2 Kf7 30. g3 fxg3
31. Kxe3 h5 32. Kf3 h4
0-1

[Event "leisure kings gambit training (for 10 players)"]
[Site "SchemingMind.com"]
[Date "2019.01.21"]
[Round "-"]
[White "flyinduck"]
[Black "Phillip Beckett"]
[Result "1-0"]
[WhiteCountry "CAN"]
[BlackCountry "ENG"]
[WhiteElo "1997"]
[WhiteRD "58"]
[BlackElo "1537"]
[BlackRD "52"]
[GameID "437185"]

1. e4 e5 2. f4 Qh4+ 3. g3 Qe7 4. d3 exf4 5. Bxf4 d5 6. Bg2 dxe4 7. dxe4 c6 8. Nc3 Nf6 9. Nge2 Bg4 10. Qd4 Nbd7
11. O-O-O Nb6 12. Bg5 Rd8 13. Qxd8+ Qxd8 14. Rxd8+ Kxd8 15. e5 h6 16. Bxf6+ gxf6 17. exf6 Bb4 18. Rd1+ Kc7 19. Rd4 Bxe2 20. Rxb4 Rd8
21. Nxe2 Nd5 22. Bxd5 Rxd5 23. Rh4 h5 24. Nf4 Rf5 25. Rxh5 Rxf6 26. Rh8
1-0

[Event "leisure kings gambit training (for 10 players)"]
[Site "SchemingMind.com"]
[Date "2019.01.16"]
[Round "-"]
[White "Phillip Beckett"]
[Black "jolasebabes"]
[Result "0-1"]
[WhiteCountry "ENG"]
[BlackCountry "POR"]
[WhiteElo "1537"]
[WhiteRD "52"]
[BlackElo "2181"]
[BlackRD "75"]
[GameID "437188"]

1. e4 e5 2. f4 Bc5 3. Nf3 d6 4. Nc3 Nf6 5. Bc4 Nc6 6. d3 a6 7. fxe5 dxe5 8. Qe2 Bg4 9. Be3 Nd4 10. Bxd4 Bxd4
11. O-O-O Bxc3 12. bxc3 O-O 13. h3 Bxf3 14. Qxf3 b5 15. Bb3 Qe7 16. g4 a5 17. Bd5 Qa3+ 18. Kb1 Nxd5 19. exd5 b4 20. Qe4 bxc3
0-1

[Event "leisure kings gambit training (for 10 players)"]
[Site "SchemingMind.com"]
[Date "2019.01.16"]
[Round "-"]
[White "jolasebabes"]
[Black "Phillip Beckett"]
[Result "1-0"]
[WhiteCountry "POR"]
[BlackCountry "ENG"]
[WhiteElo "2179"]
[WhiteRD "71"]
[BlackElo "1518"]
[BlackRD "49"]
[GameID "437189"]

1. e4 e5 2. f4 Qh4+ 3. g3 Qe7 4. Nc3 exf4 5. Bg2 c6 6. Nge2 fxg3 7. Nxg3 d5 8. O-O dxe4 9. Ncxe4 Be6 10. d4 Nd7
11. Bf4 O-O-O 12. Nd6+
1-0

[Event "leisure kings gambit training (for 10 players)"]
[Site "SchemingMind.com"]
[Date "2019.01.21"]
[Round "-"]
[White "Phillip Beckett"]
[Black "willyboy"]
[Result "0-1"]
[WhiteCountry "ENG"]
[BlackCountry "AUT"]
[WhiteElo "1537"]
[WhiteRD "52"]
[BlackElo "2190"]
[BlackRD "69"]
[GameID "437190"]

1. e4 e5 2. f4 exf4 3. Nf3 g5 4. Bc4 Nc6 5. O-O h6 6. d4 d6 7. c3 Nf6 8. b4 Bg7 9. Qb3 O-O 10. e5 dxe5
11. dxe5 Ng4 12. e6 fxe6 13. Bxe6+ Kh8 14. Bxc8 Rxc8 15. h3 Ne3 16. Bxe3 fxe3 17. Re1 g4 18. hxg4 Rxf3 19. gxf3 Qh4 20. Na3 Qg3+
21. Kf1 Qf2#
0-1